[Event "Catalunya-chT Relegation"]
[Site "Barcelona"]
[Date "2022.03.26"]
[Round "1.9"]
[White "Valencia Jimenez, Jose"]
[Black "Parramon Ros, Francesco"]
[Result "1-0"]
[WhiteElo "2012"]
[BlackElo "1992"]
[PlyCount "103"]
[EventDate "2022.03.26"]
[EventType "team-tourn"]
[EventRounds "2"]
[EventCountry "ESP"]
[SourceTitle "CBM 208 Extra"]
[Source "ChessBase"]
[SourceDate "2022.07.31"]
[SourceVersion "1"]
[SourceVersionDate "2022.07.31"]
[SourceQuality "1"]
[WhiteTeam "Cerdanyola Valles"]
[BlackTeam "Gerunda"]
[WhiteTeamCountry "ESP"]
[BlackTeamCountry "ESP"]

1. d4 d5 2. Nf3 e6 3. c4 a6 4. cxd5 exd5 5. Nc3 c6 6. Qc2 Nf6 7. Bg5 Be6 8. e3 h6 9. Bh4 Bd6 10. Bd3 Nbd7 11. 0-0 0-0 12. Ne2 Bg4 13. h3 Bxf3 14. gxf3 Qc7 15. e4 Bf4 16. e5 Nh5 17. Be7 Nxe5 18. Bxf8 Nxf3+ 19. Kh1 Rxf8 20. Bh7+ Kh8 21. Qf5 Nf6 22. Nxf4 Nxh7 23. Qg4 Nfg5 24. Rae1 Nf6 25. Qf5 Nf3 26. Ng6+ fxg6 27. Qxf3 Nh7 28. Qg3 Qf7 29. f4 Nf6 30. Re5 Nh5 31. Qe3 Nxf4 32. Re7 Qf5 33. Rxb7 g5 34. Re7 Qc2 35. Rf2 Qb1+ 36. Kh2 Qg6 37. Qe5 Rg8 38. h4 Qh5 39. Rxf4 Qd1 40. Rf2 Qh5 41. Qg3 gxh4 42. Qf4 h3 43. Re5 Qd1 44. Re6 Qh5 45. Qe5 Qh4 46. Rf4 Qg5 47. Qxg5 hxg5 48. Rg4 Rb8 49. b3 Rf8 50. Kxh3 Rf2 51. Rg2 Rf5 52. Kg4 1-0

[Event "Catalunya-chT Gp2"]
[Site "Barcelona"]
[Date "2022.02.26"]
[Round "6.9"]
[White "Valencia Jimenez, Jose"]
[Black "Gensana Berzunces, Joan"]
[Result "1-0"]
[WhiteElo "2012"]
[BlackElo "1869"]
[PlyCount "50"]
[EventDate "2022.01.22"]
[EventType "team-tourn"]
[EventRounds "9"]
[EventCountry "ESP"]
[SourceTitle "CBM 208 Extra"]
[Source "ChessBase"]
[SourceDate "2022.07.31"]
[SourceVersion "1"]
[SourceVersionDate "2022.07.31"]
[SourceQuality "1"]
[WhiteTeam "Cerdanyola Valles"]
[BlackTeam "Lleida"]
[WhiteTeamCountry "ESP"]
[BlackTeamCountry "ESP"]

1. d4 Nf6 2. Nf3 e6 3. Bf4 c5 4. c3 Qb6 5. Qb3 Qxb3 6. axb3 Nc6 7. e3 cxd4 8. exd4 Be7 9. Nbd2 d5 10. b4 Bd7 11. b5 Nd8 12. Bd3 0-0 13. h3 Ne8 14. Ne5 Bc8 15. c4 f6 16. Nef3 b6 17. 0-0 dxc4 18. Nxc4 Bb7 19. Ra4 e5 20. dxe5 Ne6 21. Be3 Nc5 22. Bxc5 Bxc5 23. Rfa1 a5 24. b4 Bxf3 25. bxc5 Bb7 1-0

[Event "Catalunya-chT Gp2"]
[Site "Barcelona"]
[Date "2022.01.29"]
[Round "2.7"]
[White "Bernado Lopez, Roger"]
[Black "Valencia Jimenez, Jose"]
[Result "1/2-1/2"]
[WhiteElo "2145"]
[BlackElo "2012"]
[PlyCount "182"]
[EventDate "2022.01.22"]
[EventType "team-tourn"]
[EventRounds "9"]
[EventCountry "ESP"]
[SourceTitle "CBM 206 Extra"]
[Source "ChessBase"]
[SourceDate "2022.03.31"]
[SourceVersion "1"]
[SourceVersionDate "2022.03.31"]
[SourceQuality "1"]
[WhiteTeam "Colon Sabadell"]
[BlackTeam "Cerdanyola Valles"]
[WhiteTeamCountry "ESP"]
[BlackTeamCountry "ESP"]

1. e4 c6 2. d4 g6 3. c4 d5 4. e5 Nh6 5. Nc3 Nf5 6. cxd5 cxd5 7. Nf3 h5 8. Bb5+ Nc6 9. 0-0 Bg7 10. Re1 0-0 11. Bxc6 bxc6 12. Na4 Rb8 13. Bf4 Qa5 14. Rc1 Bh6 15. Bxh6 Nxh6 16. b3 Bg4 17. h3 Bxf3 18. Qxf3 Nf5 19. Red1 Rfc8 20. Rc2 Qb4 21. Rcd2 Rf8 22. Qf4 Kg7 23. Nc5 Rbd8 24. Rd3 h4 25. g4 hxg3 26. fxg3 Kh7 27. g4 Ng7 28. Qg5 f6 29. exf6 Rxf6 30. Re3 Rf7 31. Rxe7 Rxe7 32. Qxe7 Re8 33. Qh4+ Kg8 34. Nd7 Re7 35. Ne5 Qd6 36. Rf1 Re6 37. Qf2 c5 38. Qf7+ Kh7 39. Qf8 cxd4 40. Qxd6 Rxd6 41. Nf3 Ne6 42. Rd1 Nf4 43. Nxd4 Nxh3+ 44. Kg2 Ng5 45. Rc1 Rd7 46. Rc6 Kg7 47. Ra6 Kf7 48. Nc6 Ke8 49. Rxa7 Rd6 50. Nd4 Ne4 51. Kf3 Rf6+ 52. Ke3 Rf1 53. Nf3 Nf6 54. Ke2 Rb1 55. Ne5 Rb2+ 56. Kd3 g5 57. Kd4 Rd2+ 58. Ke3 Rd1 59. Nf3 Nxg4+ 60. Ke2 Rb1 61. Nxg5 Rg1 62. Ne6 Nf6 63. Kd3 Rd1+ 64. Kc2 Re1 65. Nd4 Ne4 66. a4 Rh1 67. Kb2 Rh2+ 68. Kc1 Rh1+ 69. Kb2 Rh2+ 70. Ka3 Rd2 71. Nf5 Kd8 72. Kb4 d4 73. Kc4 d3 74. Ra5 Nf2 75. Ne3 Rc2+ 76. Kb4 Re2 77. Nc4 Kc7 78. Rc5+ Kb7 79. Rd5 Kc6 80. Rd6+ Kc7 81. Rd4 Re4 82. Rxe4 Nxe4 83. Ne3 d2 84. Nd1 Kb6 85. Ka3 Kc5 86. a5 Kb5 87. b4 Nd6 88. Kb3 Ne4 89. Kc2 Nd6 90. Kb3 Ne4 91. Ka3 Nd6 1/2-1/2

[Event "Barcelona Primavera CE op"]
[Site "Barcelona"]
[Date "2021.05.22"]
[Round "5"]
[White "Mancha Cerezuela, Sergio"]
[Black "Valencia Jimenez, Jose"]
[Result "1/2-1/2"]
[WhiteElo "1822"]
[BlackElo "2020"]
[PlyCount "74"]
[EventDate "2021.04.24"]
[EventType "swiss"]
[EventRounds "9"]
[EventCountry "ESP"]
[SourceTitle "EXT 2022"]
[Source "ChessBase"]
[SourceDate "2021.10.06"]
[SourceVersion "1"]
[SourceVersionDate "2021.10.06"]
[SourceQuality "1"]

1. e4 g6 2. d4 Bg7 3. Nc3 c5 4. Nf3 cxd4 5. Nxd4 Nf6 6. Be3 Nc6 7. Bc4 0-0 8. Bb3 d6 9. f3 Nxd4 10. Bxd4 Be6 11. Bxe6 fxe6 12. 0-0 Qa5 13. Qe2 Rac8 14. Rad1 Nd7 15. Bxg7 Kxg7 16. Kh1 Qb4 17. Nb5 Qxb2 18. Nd4 Nc5 19. Qc4 e5 20. Ne6+ Nxe6 21. Qxe6 Rxc2 22. Qxe7+ Rf7 23. Qg5 h6 24. Qg4 Rd2 25. Rxd2 Qxd2 26. Qe6 Rc7 27. h3 Qd4 28. Qe8 a5 29. Qd8 Qb6 30. Kh2 Qc6 31. Rd1 Qd7 32. Rxd6 Qxd8 33. Rxd8 Rc2 34. Rd7+ Kf6 35. Rxb7 Rxa2 36. Rb6+ Kg5 37. Kg3 h5 1/2-1/2

[Event "Catalunya-chT Gp1"]
[Site "Barcelona"]
[Date "2020.02.29"]
[Round "7.8"]
[White "Valencia Jimenez, Jose"]
[Black "Comellas Blanchart, Jordi"]
[Result "1/2-1/2"]
[WhiteElo "2027"]
[BlackElo "2125"]
[PlyCount "45"]
[EventDate "2020.01.18"]
[EventType "team-tourn"]
[EventRounds "7"]
[EventCountry "ESP"]
[SourceTitle "CBM 195 Extra"]
[Source "ChessBase"]
[SourceDate "2020.05.31"]
[SourceVersion "1"]
[SourceVersionDate "2020.05.31"]
[SourceQuality "1"]
[WhiteTeam "Cerdanyola Valles"]
[BlackTeam "Tres Peons"]
[WhiteTeamCountry "ESP"]
[BlackTeamCountry "ESP"]

1. Nf3 Nf6 2. g3 g6 3. Bg2 Bg7 4. 0-0 0-0 5. c4 d5 6. cxd5 Nxd5 7. d4 Nb6 8. Nc3 Nc6 9. d5 Na5 10. Nd4 c6 11. e4 e6 12. Nb3 Nxb3 13. Qxb3 exd5 14. exd5 cxd5 15. Nxd5 Nxd5 16. Bxd5 Qb6 17. Qf3 Bf5 18. Bxb7 Rab8 19. Be4 Bxe4 20. Qxe4 Bxb2 21. Rb1 Qd4 22. Qxd4 Bxd4 23. Bf4 1/2-1/2

[Event "Catalunya-chT Gp1"]
[Site "Barcelona"]
[Date "2020.02.01"]
[Round "3.9"]
[White "Valencia Jimenez, Jose"]
[Black "Fernandez Aguilar, Francisco"]
[Result "0-1"]
[WhiteElo "2027"]
[BlackElo "2115"]
[PlyCount "86"]
[EventDate "2020.01.18"]
[EventType "team-tourn"]
[EventRounds "7"]
[EventCountry "ESP"]
[SourceTitle "CBM 194 Extra"]
[Source "ChessBase"]
[SourceDate "2020.03.31"]
[SourceVersion "1"]
[SourceVersionDate "2020.03.31"]
[SourceQuality "1"]
[WhiteTeam "Cerdanyola Valles"]
[BlackTeam "Colon Sabadell"]
[WhiteTeamCountry "ESP"]
[BlackTeamCountry "ESP"]

1. c4 c6 2. d4 d5 3. cxd5 cxd5 4. Nc3 Nf6 5. Bg5 Ne4 6. Bh4 Nxc3 7. bxc3 Qc7 8. Qb3 e6 9. e3 Nc6 10. Bd3 Bd6 11. Nf3 b6 12. 0-0 0-0 13. e4 dxe4 14. Bxe4 Bb7 15. Rfe1 Na5 16. Qc2 Bxe4 17. Qxe4 h6 18. Rac1 Rac8 19. Bg3 Rfd8 20. Be5 Nc4 21. g4 Nxe5 22. dxe5 Ba3 23. Rc2 Qc4 24. Nd2 Qxe4 25. Nxe4 Rd5 26. f4 Be7 27. Ree2 g5 28. fxg5 Bxg5 29. Nxg5 hxg5 30. Re3 Rcc5 31. Rce2 Ra5 32. Kf2 Ra4 33. Re4 Ra3 34. Rc2 Rda5 35. Ree2 Rc5 36. Re3 Rc4 37. h3 Rca4 38. Ree2 Rc4 39. Re3 b5 40. Ke1 b4 41. Kd2 bxc3+ 42. Rexc3 Rcxc3 43. Rxc3 Rxa2+ 0-1

[Event "Llinars del Valles op-A 13th"]
[Site "Llinars del Valles"]
[Date "2019.04.06"]
[Round "2"]
[White "Prats Safont, Sergi"]
[Black "Valencia Jimenez, Jose"]
[Result "0-1"]
[WhiteElo "1875"]
[BlackElo "2058"]
[PlyCount "104"]
[EventDate "2019.03.30"]
[EventType "swiss"]
[EventRounds "8"]
[EventCountry "ESP"]
[SourceTitle "EXT 2020"]
[Source "ChessBase"]
[SourceDate "2019.10.17"]
[SourceVersion "1"]
[SourceVersionDate "2019.10.17"]
[SourceQuality "1"]

1. Nf3 d5 2. b3 c5 3. e3 Bg4 4. Bb2 Nc6 5. Bb5 Qd6 6. h3 Bh5 7. d3 f6 8. Nbd2 e5 9. e4 d4 10. Bc4 Nge7 11. g4 Bg6 12. Nh4 a6 13. a4 Na5 14. Nf5 Qd7 15. Nf3 Nxc4 16. dxc4 Nxf5 17. gxf5 Bh5 18. Nxe5 Bxd1 19. Nxd7 Bf3 20. Nb6 Bxh1 21. Nxa8 g6 22. Ke2 Bg2 23. Rg1 Bxh3 24. fxg6 hxg6 25. Rxg6 Kf7 26. Rg1 Bd6 27. Nb6 f5 28. exf5 Bxf5 29. Bc1 Rh2 30. Nd5 Bd7 31. a5 Rh5 32. Rg5 Rh4 33. Ba3 Rh1 34. Nb6 Be6 35. Bxc5 Kf6 36. Bxd6 Kxg5 37. Bc5 Bg4+ 38. f3 Rh2+ 39. Ke1 Bxf3 40. Bxd4 Rxc2 41. Be3+ Kf5 42. Kf1 Be2+ 43. Ke1 Bd3 44. Kd1 Ra2 45. Bd2 Ra1+ 46. Bc1 Rxa5 47. Kd2 Ke4 48. Kc3 Rc5 49. Kb4 Rc6 50. c5 a5+ 51. Ka4 Rxc5 52. Ba3 Rc2 0-1

[Event "Llinars del Valles op-A 13th"]
[Site "Llinars del Valles"]
[Date "2019.03.30"]
[Round "1"]
[White "Valencia Jimenez, Jose"]
[Black "Xifra Tome, Bernat"]
[Result "1-0"]
[WhiteElo "2058"]
[BlackElo "1771"]
[PlyCount "57"]
[EventDate "2019.03.30"]
[EventType "swiss"]
[EventRounds "8"]
[EventCountry "ESP"]
[SourceTitle "EXT 2020"]
[Source "ChessBase"]
[SourceDate "2019.10.17"]
[SourceVersion "1"]
[SourceVersionDate "2019.10.17"]
[SourceQuality "1"]

1. Nf3 d5 2. b3 e6 3. Bb2 Nf6 4. e3 c5 5. d4 Nc6 6. Bd3 Bd6 7. Ne5 Qc7 8. f4 a6 9. a3 b5 10. c4 bxc4 11. bxc4 Rb8 12. Qe2 cxd4 13. exd4 Qb6 14. Ra2 Bd7 15. c5 Qb3 16. Bc3 Bc7 17. 0-0 0-0 18. f5 Kh8 19. Nxd7 Nxd7 20. fxe6 fxe6 21. Rxf8+ Rxf8 22. Rb2 Qa4 23. Bc2 Qc4 24. Qxc4 dxc4 25. Rb7 Rc8 26. Ba4 Ndb8 27. Nd2 Bf4 28. Nxc4 Be3+ 29. Nxe3 1-0

[Event "Llinars del Valles op-A 12th"]
[Site "Llinars del Valles"]
[Date "2018.06.09"]
[Round "8"]
[White "Valencia Jimenez, Jose"]
[Black "Villar Reymundo, Juan Antonio"]
[Result "1-0"]
[WhiteElo "2131"]
[BlackElo "2222"]
[PlyCount "81"]
[EventDate "2018.04.14"]
[EventType "swiss"]
[EventRounds "8"]
[EventCountry "ESP"]
[SourceTitle "EXT 2019"]
[Source "ChessBase"]
[SourceDate "2018.10.10"]
[SourceVersion "1"]
[SourceVersionDate "2018.10.10"]
[SourceQuality "1"]

1. d4 Nf6 2. Bg5 e6 3. Bxf6 Qxf6 4. e4 d6 5. Bd3 c5 6. c3 Nc6 7. d5 exd5 8. exd5 Ne5 9. Bb5+ Bd7 10. Bxd7+ Nxd7 11. Nf3 0-0-0 12. 0-0 g5 13. a4 h5 14. a5 Qf5 15. a6 b6 16. Na3 g4 17. Ne1 Nf6 18. c4 Kb8 19. Qd3 Qg5 20. Nec2 h4 21. b4 Nd7 22. bxc5 dxc5 23. f4 gxf3 24. Qxf3 Bd6 25. Nb5 Ne5 26. Qe4 f6 27. Nxd6 Rxd6 28. Ne3 Qg6 29. Rf5 Re8 30. Raf1 Nc6 31. Qf4 Ne5 32. Qxh4 Nd7 33. Qf4 Kc7 34. h4 Rg8 35. h5 Qg7 36. Qe4 Qg3 37. R5f4 Ne5 38. Nf5 Qg5 39. Nxd6 Kxd6 40. Rxf6+ Kc7 41. R6f5 1-0

[Event "Llinars del Valles op-A 12th"]
[Site "Llinars del Valles"]
[Date "2018.05.05"]
[Round "4"]
[White "Valencia Jimenez, Jose"]
[Black "Borges de Clasca, Pol"]
[Result "1/2-1/2"]
[WhiteElo "2131"]
[BlackElo "1675"]
[PlyCount "82"]
[EventDate "2018.04.14"]
[EventType "swiss"]
[EventRounds "8"]
[EventCountry "ESP"]
[SourceTitle "CBM 184 Extra"]
[Source "ChessBase"]
[SourceDate "2018.06.28"]
[SourceVersion "1"]
[SourceVersionDate "2018.06.28"]
[SourceQuality "1"]

1. d4 d5 2. c4 c6 3. cxd5 cxd5 4. Nc3 Nc6 5. Nf3 Nf6 6. Bg5 Ne4 7. Bh4 Qa5 8. Qb3 e6 9. e3 Bd6 10. Bd3 f5 11. Bg3 Nxg3 12. hxg3 Bd7 13. g4 g6 14. gxf5 gxf5 15. g4 fxg4 16. Ng5 Rg8 17. 0-0-0 0-0-0 18. Nxh7 Be7 19. Rdg1 Rg7 20. Rh6 Rf7 21. Rg2 Rg8 22. a3 Rgg7 23. Qc2 Qc7 24. Bg6 Rf3 25. Bh5 Rh3 26. Rg6 Rxg6 27. Qxg6 Rh1+ 28. Kc2 e5 29. Bxg4 exd4 30. Nxd5 d3+ 31. Kd2 Qa5+ 32. b4 Qxd5 33. Qe8+ Nd8 34. Qxe7 Bxg4 35. Rxg4 Qc6 36. Kxd3 Rd1+ 37. Ke2 Qc2+ 38. Kf3 Qf5+ 39. Rf4 Qh5+ 40. Rg4 Qf5+ 41. Rf4 Qh5+ 1/2-1/2

[Event "Catalunya-chT GpB final"]
[Site "Barcelona"]
[Date "2018.04.07"]
[Round "3.8"]
[White "Valencia Jimenez, Jose"]
[Black "Serrat Rifa, Ernest"]
[Result "1-0"]
[WhiteElo "2112"]
[BlackElo "2154"]
[PlyCount "129"]
[EventDate "2018.03.10"]
[EventType "team-tourn"]
[EventRounds "4"]
[EventCountry "ESP"]
[SourceTitle "CBM 183 Extra"]
[Source "ChessBase"]
[SourceDate "2018.04.19"]
[SourceVersion "1"]
[SourceVersionDate "2018.04.19"]
[SourceQuality "1"]
[WhiteTeam "Cerdanyola Valles"]
[BlackTeam "Olot"]
[WhiteTeamCountry "ESP"]
[BlackTeamCountry "ESP"]

1. Nf3 Nf6 2. g3 c5 3. c4 Nc6 4. Bg2 g6 5. 0-0 Bg7 6. Nc3 0-0 7. d3 a6 8. Rb1 Rb8 9. a3 b5 10. cxb5 axb5 11. b4 cxb4 12. axb4 d5 13. Bf4 Rb6 14. Ne5 Bb7 15. Nxc6 Bxc6 16. Be5 d4 17. Bxc6 dxc3 18. Bg2 Nd5 19. Bxg7 Kxg7 20. Qb3 e6 21. e4 Nf6 22. Qxc3 Qd7 23. Rbc1 Rd8 24. Rfd1 Qd4 25. h3 Qxc3 26. Rxc3 Rd4 27. Rb1 Nd7 28. Kf1 Ra6 29. Rb2 Ra4 30. Rcb3 e5 31. f4 f6 32. Ke2 Kf7 33. Bf3 Ke7 34. Bg4 Nb8 35. Rc3 h5 36. Bc8 Rdxb4 37. Rc7+ Ke8 38. Rbc2 Rb1 39. Be6 Raa1 40. Bf7+ Kf8 41. Bxg6 Re1+ 42. Kd2 Red1+ 43. Kc3 Na6 44. Rf7+ Kg8 45. Rxf6 Ra3+ 46. Kb2 Rdxd3 47. Bf7+ Kg7 48. fxe5 Rxg3 49. Bd5 Ra4 50. Rc3 Rg2+ 51. Kb3 Raa2 52. Rf7+ Kg6 53. Rc6+ Kg5 54. Rg7+ Kf4 55. Rxg2 Rxg2 56. Rxa6 Kxe5 57. Kb4 Rg3 58. h4 Rg4 59. Re6+ Kd4 60. Kxb5 Rxh4 61. Kc6 Rh2 62. Kd6 Rb2 63. Rh6 Rh2 64. e5 h4 65. e6 1-0

[Event "Catalunya-chT Gp2"]
[Site "Barcelona"]
[Date "2018.03.03"]
[Round "7.9"]
[White "Parramon Ros, Francesco"]
[Black "Valencia Jimenez, Jose"]
[Result "0-1"]
[WhiteElo "2020"]
[BlackElo "2112"]
[PlyCount "60"]
[EventDate "2018.01.20"]
[EventType "team-tourn"]
[EventRounds "7"]
[EventCountry "ESP"]
[SourceTitle "EXT 2019"]
[Source "ChessBase"]
[SourceDate "2018.10.10"]
[SourceVersion "1"]
[SourceVersionDate "2018.10.10"]
[SourceQuality "1"]
[WhiteTeam "Gerunda"]
[BlackTeam "Cerdanyola Valles"]
[WhiteTeamCountry "ESP"]
[BlackTeamCountry "ESP"]

1. e4 c5 2. Nc3 Nc6 3. a3 e6 4. Nf3 d5 5. exd5 exd5 6. Bb5 d4 7. Qe2+ Be7 8. Ne4 Be6 9. d3 Qa5+ 10. b4 Qxb5 11. Nxc5 Bxc5 12. bxc5 Qxc5 13. 0-0 Qh5 14. Rb1 0-0-0 15. h3 Bd5 16. Bf4 Bxf3 17. gxf3 Nf6 18. c3 Nd5 19. Qb2 Rd7 20. Bg3 dxc3 21. Qb5 Qg6 22. Qc4 f5 23. Rb5 f4 24. Rxd5 Rxd5 25. Qxf4 Rd7 26. Rb1 Qxd3 27. Rb4 g5 28. Qf6 Nxb4 29. Qxh8+ Rd8 30. Qe5 Na6 0-1

[Event "Catalunya-chT Gp2"]
[Site "Barcelona"]
[Date "2018.02.03"]
[Round "3.9"]
[White "Valencia Jimenez, Jose"]
[Black "Morcillo Ferran, Jordi"]
[Result "1/2-1/2"]
[WhiteElo "2112"]
[BlackElo "2129"]
[PlyCount "72"]
[EventDate "2018.01.20"]
[EventType "team-tourn"]
[EventRounds "7"]
[EventCountry "ESP"]
[SourceTitle "CBM 182 Extra"]
[Source "ChessBase"]
[SourceDate "2018.02.23"]
[SourceVersion "1"]
[SourceVersionDate "2018.02.23"]
[SourceQuality "1"]
[WhiteTeam "Cerdanyola Valles"]
[BlackTeam "Catalunya"]
[WhiteTeamCountry "ESP"]
[BlackTeamCountry "ESP"]

1. c4 b6 2. Nc3 Bb7 3. d4 Nf6 4. d5 e6 5. e4 exd5 6. exd5 Bb4 7. Bd3 c6 8. dxc6 dxc6 9. Nge2 Nbd7 10. Bf4 Nc5 11. Bc2 Qxd1+ 12. Rxd1 Ne6 13. Be5 Be7 14. 0-0 Rd8 15. Ne4 Nxe4 16. Bxe4 0-0 17. f4 Nc5 18. Bc2 Rxd1 19. Rxd1 Rd8 20. Rxd8+ Bxd8 21. b4 Nd7 22. Bd6 Ba6 23. Bd3 c5 24. b5 Bb7 25. Bf5 Nf6 26. Nc3 g6 27. Bd3 Ng4 28. Be4 Bxe4 29. Nxe4 Ne3 30. Nd2 Bf6 31. Kf2 Nd1+ 32. Ke2 Nc3+ 33. Kd3 Nxa2 34. Bb8 Nb4+ 35. Ke2 a6 36. bxa6 Nxa6 1/2-1/2

[Event "Catalunya-chT Gp2"]
[Site "Barcelona"]
[Date "2017.03.04"]
[Round "7.9"]
[White "Nazarenus, Moritz"]
[Black "Valencia Jimenez, Jose"]
[Result "1-0"]
[WhiteElo "2221"]
[BlackElo "2097"]
[PlyCount "69"]
[EventDate "2017.01.21"]
[EventType "team-tourn"]
[EventRounds "7"]
[EventCountry "ESP"]
[SourceTitle "EXT 2018"]
[Source "ChessBase"]
[SourceDate "2017.10.13"]
[SourceVersion "1"]
[SourceVersionDate "2017.10.13"]
[SourceQuality "1"]
[WhiteTeam "Barcelona Escola Escacs"]
[BlackTeam "Cerdanyola Valles"]
[WhiteTeamCountry "ESP"]
[BlackTeamCountry "ESP"]

1. d4 c5 2. d5 e5 3. e4 d6 4. Bb5+ Nd7 5. a4 Be7 6. Nf3 Ngf6 7. Nc3 0-0 8. 0-0 Ne8 9. a5 g6 10. Bh6 Ng7 11. Qc1 Nf6 12. a6 Ng4 13. Bd2 f5 14. exf5 gxf5 15. Ng5 f4 16. Nf3 Nf5 17. Ne4 Nd4 18. Nxd4 cxd4 19. Ra3 Nf6 20. Nxf6+ Bxf6 21. Be2 Qc7 22. c3 dxc3 23. Rxc3 Qb6 24. Rc7 bxa6 25. Bd3 Bg7 26. Qc2 e4 27. Bxe4 Qxb2 28. Bxh7+ Kh8 29. Re1 Qxc2 30. Bxc2 Bf5 31. Ba4 Rab8 32. Bxf4 Bd4 33. Bxd6 Rfd8 34. Rc6 Rb4 35. Bxb4 1-0

[Event "Catalunya-chT Gp2"]
[Site "Barcelona"]
[Date "2017.02.18"]
[Round "5.9"]
[White "Chalmeta Ugas, Jordi Ramon"]
[Black "Valencia Jimenez, Jose"]
[Result "1-0"]
[WhiteElo "2136"]
[BlackElo "2097"]
[PlyCount "49"]
[EventDate "2017.01.21"]
[EventType "team-tourn"]
[EventRounds "7"]
[EventCountry "ESP"]
[SourceTitle "EXT 2018"]
[Source "ChessBase"]
[SourceDate "2017.10.13"]
[SourceVersion "1"]
[SourceVersionDate "2017.10.13"]
[SourceQuality "1"]
[WhiteTeam "Foment Martinenc"]
[BlackTeam "Cerdanyola Valles"]
[WhiteTeamCountry "ESP"]
[BlackTeamCountry "ESP"]

1. d4 Nf6 2. c4 c5 3. d5 e5 4. Nc3 d6 5. e4 Be7 6. g3 0-0 7. h4 Ne8 8. Bh3 Nd7 9. Kf1 g6 10. h5 Ng7 11. hxg6 hxg6 12. Nf3 Nf6 13. Kg2 Nfh5 14. Bh6 f5 15. exf5 gxf5 16. Qd2 e4 17. Ng5 Rf6 18. Ne6 Bxe6 19. dxe6 Rg6 20. Bxg7 Nxg7 21. Qd5 Qf8 22. Ne2 Qf6 23. Nf4 Rg5 24. Qxb7 Rf8 25. Nd5 1-0

[Event "Cerdanyola del Valles op 24th"]
[Site "Cerdanyola del Valles"]
[Date "2016.10.22"]
[Round "4"]
[White "Valencia Jimenez, Jose"]
[Black "Jimenez Ruano, Adrian"]
[Result "1/2-1/2"]
[WhiteElo "2076"]
[BlackElo "2133"]
[PlyCount "116"]
[EventDate "2016.10.01"]
[EventType "swiss"]
[EventRounds "8"]
[EventCountry "ESP"]
[SourceTitle "EXT 2018"]
[Source "ChessBase"]
[SourceDate "2017.10.13"]
[SourceVersion "1"]
[SourceVersionDate "2017.10.13"]
[SourceQuality "1"]

1. d4 Nf6 2. Bg5 d5 3. e3 Nbd7 4. c4 e6 5. Nc3 Be7 6. Nf3 0-0 7. Bd3 b6 8. 0-0 Bb7 9. cxd5 exd5 10. Rc1 c5 11. Qe2 Re8 12. Ba6 Qc8 13. Bxb7 Qxb7 14. dxc5 bxc5 15. Rfd1 Rab8 16. Rc2 Nb6 17. Qd3 Rbd8 18. Qf5 Ne4 19. Nxe4 dxe4 20. Rxd8 Rxd8 21. Rd2 Rxd2 22. Nxd2 Bxg5 23. Qxg5 Qd7 24. Qe5 h6 25. Nf1 Qd5 26. Qxd5 Nxd5 27. Nd2 f5 28. a3 Nb6 29. Kf1 Kf7 30. Ke2 Ke6 31. f3 exf3+ 32. gxf3 g5 33. Kd3 h5 34. Nf1 g4 35. fxg4 fxg4 36. b3 Ke5 37. Ng3 h4 38. Nf1 Nd7 39. Nd2 Nf8 40. a4 Ne6 41. a5 Ng5 42. Ke2 Ne4 43. Nc4+ Kd5 44. Nb2 Nc3+ 45. Kf2 Ke4 46. a6 g3+ 47. hxg3 hxg3+ 48. Kxg3 Kxe3 49. Kg4 Nd5 50. Kf5 Kd4 51. Ke6 Nc7+ 52. Kd6 Nxa6 53. Na4 Nb4 54. Nxc5 Nc2 55. Kc6 Kc3 56. Kb7 a5 57. Ka6 Kb4 58. Nd3+ Kxb3 1/2-1/2

[Event "Catalunya-chT Gp1 final"]
[Site "Barcelona"]
[Date "2016.04.16"]
[Round "4.1"]
[White "Valencia Jimenez, Jose"]
[Black "Pozanco Romasanta, Marc"]
[Result "1/2-1/2"]
[WhiteElo "2117"]
[BlackElo "2039"]
[PlyCount "73"]
[EventDate "2016.03.12"]
[EventType "team-tourn"]
[EventRounds "4"]
[EventCountry "ESP"]
[SourceTitle "EXT 2017"]
[Source "ChessBase"]
[SourceDate "2016.10.25"]
[SourceVersion "1"]
[SourceVersionDate "2016.10.25"]
[SourceQuality "1"]
[WhiteTeam "Cerdanyola Valles"]
[BlackTeam "Colon Sabadell"]
[WhiteTeamCountry "ESP"]
[BlackTeamCountry "ESP"]

1. d4 Nf6 2. Nf3 e6 3. Bg5 d5 4. e3 Be7 5. Bd3 0-0 6. 0-0 b6 7. Ne5 Bb7 8. Nd2 Nbd7 9. f4 Ne4 10. Bxe7 Qxe7 11. Ndf3 f6 12. Nxd7 Qxd7 13. a4 c5 14. c3 a5 15. dxc5 Nxc5 16. Bb5 Bc6 17. Nd4 Bxb5 18. axb5 Ne4 19. f5 e5 20. Nc6 Rf7 21. Ra3 Rc8 22. b4 Nd6 23. Qxd5 Nxb5 24. Ne7+ Qxe7 25. Qxb5 axb4 26. cxb4 Qb7 27. Rd1 h6 28. Rad3 Kh7 29. Rd8 Rc2 30. R1d2 Rxd2 31. Rxd2 Qe4 32. Qxb6 Rb7 33. Qc5 Rxb4 34. h3 Rb1+ 35. Kh2 Qxf5 36. Rd8 Rb2 37. Qd5 1/2-1/2

[Event "Catalunya-chT Gp1"]
[Site "Barcelona"]
[Date "2016.03.05"]
[Round "7.2"]
[White "Banos, Oscar Francisco"]
[Black "Valencia Jimenez, Jose"]
[Result "1/2-1/2"]
[WhiteElo "2192"]
[BlackElo "2117"]
[PlyCount "122"]
[EventDate "2016.01.23"]
[EventType "team-tourn"]
[EventRounds "7"]
[EventCountry "ESP"]
[SourceTitle "EXT 2017"]
[Source "ChessBase"]
[SourceDate "2016.10.25"]
[SourceVersion "1"]
[SourceVersionDate "2016.10.25"]
[SourceQuality "1"]
[WhiteTeam "Figueres"]
[BlackTeam "Cerdanyola Valles"]
[WhiteTeamCountry "ESP"]
[BlackTeamCountry "ESP"]

1. b3 Nf6 2. Bb2 g6 3. Bxf6 exf6 4. c4 f5 5. Nc3 Bg7 6. Rc1 0-0 7. g3 Re8 8. e3 Nc6 9. Bg2 Nd4 10. Nge2 Nxe2 11. Nxe2 d6 12. 0-0 a5 13. d4 c6 14. Qd2 Qb6 15. Nf4 Bh6 16. c5 dxc5 17. Rxc5 Bxf4 18. gxf4 Be6 19. Rfc1 Red8 20. Qb2 Qb4 21. R1c3 h6 22. a3 Qb6 23. b4 axb4 24. Qxb4 Qa7 25. h3 Kh7 26. Rd3 Qa6 27. Rdc3 Rg8 28. d5 cxd5 29. Qb5 Qd6 30. Qxb7 Rxa3 31. Rc6 Ra1+ 32. Kh2 Rb8 33. Qxf7+ Bxf7 34. Rxd6 Ra7 35. Bxd5 Bxd5 36. Rxd5 Re7 37. Rc6 Rb2 38. Kg3 Rb4 39. h4 h5 40. Rdd6 Rg7 41. Rd8 Rb1 42. Rcd6 Rg1+ 43. Kh2 Rg4 44. Kh3 Rg1 45. Rd1 Rxd1 46. Rxd1 Re7 47. Rd5 Kg7 48. Kg3 Ra7 49. Rd3 Ra1 50. Rd5 Re1 51. Re5 Kf6 52. f3 Ra1 53. e4 Ra3 54. Re8 fxe4 55. Rxe4 Rb3 56. Re5 Rb7 57. Rg5 Rb1 58. Kh2 Rb4 59. Kg3 Rb1 60. f5 gxf5 61. Rxh5 Ke5 1/2-1/2